Topaze

Guardat en:
Dades bibliogràfiques
Autor principal: Pagnol, Topaze
Format: Llibre
Idioma:Undetermined
Publicat: New York, Estados Unidos D.C. Heath and Co. 1936
Matèries:
Etiquetes: Afegir etiqueta
Sense etiquetes, Sigues el primer a etiquetar aquest registre!

MARC

LEADER 00000nam a2200000Ia 4500
008 170316s9999 xx 000 0 und d
040 |a cru BVZT 
090 |a 840 P-3t 
100 |a Pagnol, Topaze 
245 |a Topaze 
260 |a New York, Estados Unidos 
260 |b D.C. Heath and Co. 
260 |c 1936 
300 |a 243 páginas 
650 |a LITERATURA FRANCESA 
999 |c 7901  |d 7901 
942 |c 15 D  |h 840 P-3t  |2 z